Most Popular Websites - Statistics

General Stats
  • This quiz has been taken 30 times
  • The average score is 5 of 16
Answer Stats
Answer % Correct
Google
96%
Yahoo!
85%
Facebook
74%
Twitter
59%
YouTube
48%
Amazon
41%
Wikipedia
30%
LinkedIn
11%
Baidu
4%
Google India
4%
Windows Live
4%
Sina Corp
0%
Sina Weibo
0%
Taobao
0%
Tencent QQ
0%
Tmall
0%
No matching quizzes found
Score Distribution
Percent of People with Each Score
Percentile by Number Answered
Your Score History
You have not taken this quiz